000
00495nam a2200145Ia 4500
008
100204s9999 xx 000 0 und d
082
_b
3415
100
_a
जोशी विमला
245
_a
कोथिंबिरीची फुले
260
_b
"कल्पना मुद्र्रणालय, पुणे"
300
_a
110
630
_a
कोथिंबिरीची फुले
730
_a
कोथिंबिरीची फुले
942
_c
BOOK
999
_c
465538
_d
465535